MARC

LEADER 00000nam0a2200000 4500
001 36492
005 20251217150147.0
035 |a (RuTPU)RU\TPU\book\36965 
035 |a BOOK00003617 
090 |a 36492 
100 |a 20011210d1987 m y0rusy50 ca 
101 0 |a rus 
102 |a RU 
105 |a a z 001zy 
200 1 |a Проектирование автоматизированных систем управления технологическими процессами  |f Э. В. Лысенко 
210 |a Москва  |c Радио и связь  |d 1987 
215 |a 271 с.  |c ил. 
320 |a Библиогр.: с. 271-272 (33 назв.). 
610 1 |a автоматизированные системы 
610 1 |a управление 
610 1 |a технологические процессы 
610 1 |a проектирование 
610 1 |a автоматизация 
610 1 |a моделирование 
610 1 |a программное обеспечение 
675 |a 658.5.012.011.56.001  |v 3 
700 1 |a Лысенко  |b Э. В.  |g Эдуард Викторович 
801 0 |a RU  |b 63413507  |c 20011210  |g PSBO 
801 2 |a RU  |b 63413507  |c 20161103  |g PSBO 
942 |c BK